书目信息 |
| 题名: |
基础工程设计原理
|
|
| 作者: | 袁聚云 , 楼晓明 , 姚笑青 编著 | |
| 分册: | ||
| 出版信息: | 北京 人民交通出版社 2011.05 |
|
| 页数: | 310页 | |
| 开本: | 26cm | |
| 丛书名: | 高等学校土木工程专业规划教材 | |
| 单 册: | ||
| 中图分类: | TU47 | |
| 科图分类: | ||
| 主题词: | 地基--di ji--基础(工程)--建筑设计 | |
| 电子资源: | ||
| ISBN: | 978-7-114-08853-7 | |
| 000 | 01184nam 2200349 450 | |
| 001 | B20110048706 | |
| 005 | 20110716163628.71 | |
| 010 | @a978-7-114-08853-7@dCNY36.00 | |
| 100 | @a20110623d2011 km y0chiy50 ea | |
| 101 | 0 | @achi |
| 102 | @aCN@b110000 | |
| 105 | @aa a 000yy | |
| 106 | @ar | |
| 200 | 1 | @a基础工程设计原理@Aji chu gong cheng she ji yuan li@f袁聚云 ... [等]编著 |
| 210 | @a北京@c人民交通出版社@d2011.05 | |
| 215 | @a310页@c图@d26cm | |
| 225 | 2 | @a高等学校土木工程专业规划教材@Agao deng xue xiao tu mu gong cheng zhuan ye gui hua jiao cai |
| 304 | @a其他责任者还有:楼晓明、姚笑青、熊巨华、李镜培 | |
| 312 | @a并列题名取自封面 | |
| 320 | @a有书目 (第310页) | |
| 330 | @a本书系统介绍了基础工程的设计原理和方法。 | |
| 333 | @a可供高等学校土木工程专业的教学用书。 | |
| 410 | 0 | @12001 @a高等学校土木工程专业规划教材 |
| 510 | 1 | @aDesign principles of foundation engineering@zeng |
| 586 | @a | |
| 606 | 0 | @a地基@Adi ji@x基础(工程)@x建筑设计 |
| 690 | @aTU47@v5 | |
| 701 | 0 | @a袁聚云@Ayuan ju yun@4编著 |
| 701 | 0 | @a楼晓明@Alou xiao ming@4编著 |
| 701 | 0 | @a姚笑青@Ayao xiao qing@4编著 |
| 801 | 0 | @aCN@c20110610 |
| 905 | @dTU47@eY8901@f5 | |
| 基础工程设计原理/袁聚云 ... [等]编著.-北京:人民交通出版社,2011.05 |
| 310页:图;26cm.-(高等学校土木工程专业规划教材) |
| 使用对象:可供高等学校土木工程专业的教学用书。 |
| ISBN 978-7-114-08853-7:CNY36.00 |
| 本书系统介绍了基础工程的设计原理和方法。 |
| ● |
| 相关链接 |
|
|
|
正题名:基础工程设计原理
索取号:TU47/Y8901
 
预约/预借
| 序号 | 登录号 | 条形码 | 馆藏地/架位号 | 状态 | 备注 |
| 1 | 884767 | 208847676 | 建筑库101/101建筑库 97排1列5层/ [索取号:TU47/Y8901] | 在馆 | |
| 2 | 884768 | 208847685 | 建筑库101/101建筑库 97排1列5层/ [索取号:TU47/Y8901] | 在馆 | |
| 3 | 884769 | 208847694 | 土木与交通工程学院资料室/土木与交通学院资料室 1排1列1层/ [索取号:TU47/Y8901] | 在馆 | |
| 4 | 884770 | 208847701 | 建筑库101/101建筑库 97排1列5层/ [索取号:TU47/Y8901] | 在馆 | |
| 5 | 884771 | 208847710 | 建筑库101/ [索取号:TU47/Y8901] | 在馆 |